01318cam a22003257a 4500003000500000005001700005008004100022010000900063011001000072035000900082040000900091100003400100245013500134260015100269300003100420410001900451490003600470650003000506650004400536650002700580650003500607650003500642650003000677650003000707650004200737700003300779710012500812810001900937830003600956CHAP20241112062702.0971013s1991 mx r 00010 spa d a9225 a10197 a9434 cCHAP10aSchwentesius Rindermann, Rita13aLa porcicultura mexicana ante la posible firma de un tratado de libre comercio con EUA y Canadac/por Rindermann Rita Schwentesius aChapingo, Méx. :bUACH. Centro de Investigaciones Económicas, Sociales y Tecnológicas de la Agroindustria y de la Agricultura Mundial,c1991 a54 p. :bgráfs., cuadros aUACH. CIESTAAM 0aReporte de investigaciónv; 114aGanado porcinoxCanadá.14aGanado porcinoxCostos de producción.14aGanado porcinoxE.U.A.14aGanado porcinoxExportación.14aGanado porcinoxImportación.14aGanado porcinoxMercadeo.14aGanado porcinoxMéxico.14aTratado Trilateral de Libre Comercio.1 aGómez Cruz, Manuel Ángel0 aUACH. Centro de Investigaciones Económicas, Sociales y Tecnológicas de la Agroindustria y de la Agricultura Mundial.0 aUACh. CIESTAAM0 aReporte de investigaciónv; 1